Wird geladen...

Velluvilikal Pratikaranangal

Bibliographische Detailangaben
1. Verfasser: Krishna Warrior, N. V.
Format: Printed Book
Veröffentlicht: Kottayam D.C Books 1983
Schlagworte:
LEADER 00503nam a2200181 4500
020
082 |a 894.8124 KRI 
100 |a Krishna Warrior, N. V. 
245 |a Velluvilikal Pratikaranangal  |h MALAYALAM 
250
260 |a Kottayam  |b D.C Books  |c 1983 
300 |a 448 P  |b HB  |f Book 
500
650 |a Malayalam Essays 
700
942 |c TB 
999 |c 267232  |d 267232 
952 |0 0  |1 0  |4 0  |6 894_812400000000000_KRI  |7 0  |9 283953  |a LIN  |b LIN  |d 2007-07-09  |l 0  |o 894.8124 KRI  |p LIN7000  |r 2020-02-06  |w 2020-02-06  |y TB